| 000 | 00802cab a2200289 4500 | ||
|---|---|---|---|
| 001 | ABS60483 | ||
| 008 | 090401t1999 xxu||||| |||| 00| 0 eng d | ||
| 035 | _a(Sirsi) u93068 | ||
| 041 | _aeng | ||
| 100 | _aStanden, J. | ||
| 245 | _aWaste planning: weighing up the issue | ||
| 260 | _c1999 | ||
| 350 | _a0 | ||
| 490 |
_aWastes Management _vApril 1999, 27(1) |
||
| 650 | _aBLADWELL L J IN GATESHEAD MBC V SOS ENVIRONMENT | ||
| 650 | _aHARM | ||
| 650 | _aLANDFILL | ||
| 650 | _aPERCEPTION | ||
| 650 | _aPLANNING DECISIONS | ||
| 650 | _aPLANNING PERMISSION | ||
| 650 | _aR V BROADLAND DC EX P DOVE | ||
| 650 | _aWASTE MANAGEMENT | ||
| 650 | _aWEST MIDLANDS PROBATION COMMITTEE V SOS ENVIRONMENT | ||
| 690 | _aENVIRONMENTAL AND LAND CONSULTANCY | ||
| 942 | _n0 | ||
| 948 | _c29/04/1999 | ||
| 999 |
_c58987 _d58987 |
||